|
|
|
|
| LEADER |
00000nab a2200000 a 4500 |
| 001 |
vtls000196751 |
| 003 |
SK-MaSNL |
| 005 |
20260401043915.0 |
| 008 |
111106c1984 xo 0 slo |
| 015 |
|
|
|a SNBRB19rr/mm-uuuuu
|
| 035 |
|
|
|a CL0206864
|
| 040 |
|
|
|a SNKBUCL
|b slo
|c SNKBUCL
|e AACR2
|
| 041 |
0 |
|
|a slo
|
| 044 |
|
|
|a xo
|c SK
|
| 080 |
|
|
|a 78.091.4:782/785
|2 1981
|
| 080 |
|
|
|a 782/785
|2 1981
|
| 080 |
|
|
|a 785.11
|2 1981
|
| 100 |
1 |
|
|a Čárska, Etela,
|d 1941-
|4 aut
|9 1635959
|
| 245 |
1 |
0 |
|a Pódium ožilo mladosťou
|b Z koncertov Bratislavských hudobných slávností
|c Etela Čárska
|
| 611 |
2 |
7 |
|a Bratislavské hudobné slávnosti
|n (20. :
|d 1984 :
|c Bratislava, Slovensko)
|2 snkbucl
|9 36197
|
| 650 |
0 |
7 |
|a symfonická hudba
|2 snkbucl
|9 68261
|
| 651 |
|
7 |
|a Bratislava (Slovensko)
|2 snkbucl
|
| 655 |
|
7 |
|a články z novín a časopisov
|2 snkbucl
|9 267496
|
| 773 |
0 |
|
|t Práca
|g Roč. 39, č. 242 (12. 10. 1984), s. 6
|
| 850 |
|
|
|a Slovenská národná knižnica v Martine
|a MTA001
|
| 852 |
|
|
|a SNK
|b KIS3GCP
|
| 992 |
|
|
|a RBX
|
| 999 |
|
|
|c 2554591
|d 2556521
|